000 00491nam a22001937a 4500
003 MPLRDC
005 20220104123403.0
008 210129b ||||| |||| 00| 0 eng d
020 _a957-9680-05-1
082 _a848.2 YXY-3 v.97
100 _a杨小云著
245 _a享受生命享受爱
_c
250 _a初版九印
260 _a
_b健行文化出版事业有限
_c1996
300 _b
490 _a生活丛书; 97
650 _a现代别集
942 _cBK
_o848.2 YXY-3 v.97
999 _c11026
_d11016